[Event "32 Staufer-Open B-Turnier"]
[Site "Schwäbisch Gmünd"]
[Date "2020.01.04"]
[Round "6.3"]
[White "Goetz, Jan"]
[Black "Fink, Eberhard"]
[Result "1-0"]
[WhiteElo "1810"]
[BlackElo "1829"]
[PlyCount "71"]
[EventDate "2020.??.??"]
[WhiteTeam "SK Bad Homburg"]
[BlackTeam "TSF Welzheim"]

1. d4 d5 2. c4 e6 3. Nc3 Nf6 4. cxd5 exd5 5. Bg5 Be7 6. e3 O-O 7. Bd3 c6 8. h3
Nbd7 9. Nge2 Re8 10. Qc2 Nf8 11. g4 b5 12. O-O-O a5 13. Kb1 Bd7 14. Ng3 a4 15.
Nce2 b4 16. Qd2 b3 17. a3 Ne4 18. Nxe4 Bxg5 19. Nxg5 Qxg5 20. Rc1 Ne6 21. Bf5
g6 22. Bxe6 fxe6 23. f4 Qe7 24. g5 Rec8 25. Ng3 c5 26. dxc5 Rxc5 27. Rxc5 Qxc5
28. Rc1 Qd6 29. Ne4 Qe7 30. Nf6+ Kf8 31. Rc7 Rd8 32. Qd4 e5 33. Qa7 Bf5+ 34.
Ka1 Rc8 35. Nxh7+ Kg8 36. Rxc8+ 1-0

[Event "32 Staufer-Open B-Turnier"]
[Site "Schwäbisch Gmünd"]
[Date "2020.01.04"]
[Round "6.4"]
[White "Wagner, Julian"]
[Black "Heimers, Remy"]
[Result "1-0"]
[WhiteElo "1790"]
[BlackElo "1977"]
[PlyCount "125"]
[EventDate "2020.??.??"]
[WhiteTeam "SC Kempten"]
[BlackTeam "SC Villingen-Schwenningen"]

1. d4 Nf6 2. c4 e6 3. g3 d5 4. Bg2 dxc4 5. Nf3 Nc6 6. O-O a6 7. a4 Rb8 8. e3
Bd7 9. Nfd2 b5 10. axb5 axb5 11. b3 cxb3 12. Nxb3 Be7 13. e4 O-O 14. Ba3 Bxa3
15. Nxa3 Qe7 16. f4 Rfd8 17. Nc2 Nb4 18. Nc5 Nxc2 19. Qxc2 Be8 20. Rad1 Ra8 21.
e5 Nd5 22. Rfe1 c6 23. f5 Ra3 24. fxe6 fxe6 25. Bh3 Bd7 26. Ra1 Rc3 27. Qd2
Rxc5 28. dxc5 Qxc5+ 29. Qf2 Qxf2+ 30. Kxf2 c5 31. Ra7 Kf7 32. Rd1 Ke8 33. Rxd7
Rxd7 34. Bxe6 Re7 35. Bxd5 Rxe5 36. Bc6+ Ke7 37. Bxb5 Kf6 38. Bd3 h6 39. Ra1
Re7 40. Ra4 Rb7 41. Rc4 Rc7 42. Ke3 Ke5 43. Rf4 Ra7 44. Rf5+ Kd6 45. h4 Ra3 46.
Rf4 Ke5 47. Rc4 Kd5 48. Kd2 Ra1 49. Rg4 Ra2+ 50. Bc2 Ra7 51. Kc3 Re7 52. Bb3+
Ke5 53. Kc4 Rb7 54. Rg6 Rb4+ 55. Kc3 Rb7 56. h5 Re7 57. Ba4 Ke4 58. Bc6+ Ke3
59. Kc4 Kf2 60. g4 Kg3 61. Kxc5 Kh4 62. Kd6 Rf7 63. Bd7 1-0

[Event "32 Staufer-Open B-Turnier"]
[Site "Schwäbisch Gmünd"]
[Date "2020.01.04"]
[Round "6.5"]
[White "Speck, Stefan"]
[Black "Jäger, Hans-Ulrich"]
[Result "1/2-1/2"]
[WhiteElo "1959"]
[BlackElo "1784"]
[PlyCount "42"]
[EventDate "2020.??.??"]
[WhiteTeam "SC Solingen 28"]
[BlackTeam "SC Sillenbuch"]

1. e4 e5 2. Nf3 Nc6 3. Nc3 Nf6 4. d4 exd4 5. Nxd4 Bb4 6. Nxc6 bxc6 7. Bd3 d5 8.
exd5 cxd5 9. O-O O-O 10. Bg5 Be6 11. Qf3 Be7 12. Rfe1 c6 13. Na4 Rb8 14. b3 Re8
15. h3 Qd7 16. Rad1 Rbc8 17. c4 Qd6 18. Bb1 Qc7 19. c5 Rcd8 20. b4 Rd7 21. a3
Ne4 1/2-1/2

[Event "32 Staufer-Open B-Turnier"]
[Site "Schwäbisch Gmünd"]
[Date "2020.01.04"]
[Round "6.6"]
[White "Vinogradov, Anatoli"]
[Black "Schopf, Martin"]
[Result "0-1"]
[WhiteElo "1785"]
[BlackElo "1953"]
[PlyCount "56"]
[EventDate "2020.??.??"]
[WhiteTeam "SF Haselmühl/Amberg"]
[BlackTeam "Echternach"]

1. d4 d5 2. c4 e6 3. Nc3 Nf6 4. Bg5 Be7 5. e3 O-O 6. Nf3 h6 7. Bh4 b6 8. cxd5
Nxd5 9. Bxe7 Qxe7 10. Be2 Bb7 11. O-O Nd7 12. Rc1 c5 13. dxc5 Nxc5 14. a3 Rfd8
15. Qc2 Nxc3 16. Qxc3 Rac8 17. Qb4 Qf6 18. Nd4 Qg5 19. Nf3 Bxf3 20. Bxf3 Nd3
21. Rxc8 Nxb4 22. Rxd8+ Qxd8 23. axb4 Qd2 24. b5 Qxb2 25. Bc6 Qc3 26. Bb7 Qc7
27. Ba6 g5 28. Rd1 f5 0-1

[Event "32 Staufer-Open B-Turnier"]
[Site "Schwäbisch Gmünd"]
[Date "2020.01.04"]
[Round "6.7"]
[White "Krastev, Ivan"]
[Black "Telioridis, Vasileios"]
[Result "0-1"]
[WhiteElo "1765"]
[BlackElo "1942"]
[PlyCount "43"]
[EventDate "2020.??.??"]
[WhiteTeam "Biebertaler SF"]
[BlackTeam "SC Grunbach"]

1. e4 c5 2. Nc3 Nc6 3. f4 e6 4. Nf3 Be7 5. e5 d5 6. d4 Nh6 7. Bb5 O-O 8. Be3
Nf5 9. Bf2 Ncxd4 10. Nxd4 Nxd4 11. Bxd4 cxd4 12. Qxd4 b6 13. Bc6 Rb8 14. b4 Qc7
15. Bb5 f6 16. O-O Bb7 17. a3 Rbc8 18. Nd1 fxe5 19. fxe5 Rxf1+ 20. Bxf1 Qxc2
21. Bd3 Qc7 22. Qg4 0-1

[Event "32 Staufer-Open B-Turnier"]
[Site "Schwäbisch Gmünd"]
[Date "2020.01.04"]
[Round "6.9"]
[White "Zehring, Mathias"]
[Black "Petitto, Francesco"]
[Result "1/2-1/2"]
[WhiteElo "1861"]
[BlackElo "1680"]
[PlyCount "51"]
[EventDate "2020.??.??"]
[WhiteTeam "SC Waiblingen"]
[BlackTeam "SV Crailsheim"]

1. e4 c5 2. c3 Nf6 3. e5 Nd5 4. d4 cxd4 5. Nf3 d6 6. Qxd4 e6 7. Bd3 Nc6 8. Qe4
dxe5 9. Nxe5 Nxe5 10. Qxe5 Qd6 11. Qxd6 Bxd6 12. O-O Bd7 13. Nd2 Bc6 14. Ne4
Bc7 15. Re1 O-O-O 16. Bc2 Nf4 17. Bxf4 Bxf4 18. Rad1 Bxe4 19. Bxe4 Bd2 20. Re2
Bg5 21. Ree1 Kb8 22. Kf1 Bd2 23. Re2 Bg5 24. Ree1 Bd2 25. Re2 Bg5 26. Ree1
1/2-1/2

[Event "32 Staufer-Open B-Turnier"]
[Site "Schwäbisch Gmünd"]
[Date "2020.01.05"]
[Round "7.1"]
[White "Schlötterer, Hermann"]
[Black "Goetz, Jan"]
[Result "1/2-1/2"]
[WhiteElo "1801"]
[BlackElo "1810"]
[PlyCount "52"]
[EventDate "2020.??.??"]
[WhiteTeam "Zabo-Eintracht Nürnberg"]
[BlackTeam "SK Bad Homburg"]

1. d4 d5 2. g3 Nf6 3. Bg2 c6 4. Nf3 Bf5 5. c4 e6 6. O-O Nbd7 7. Qb3 Qb6 8. Nc3
Qxb3 9. axb3 Bc2 10. Nd2 Bb4 11. e4 dxe4 12. Ncxe4 O-O 13. Nc3 Nb6 14. Ncb1
Rfd8 15. Na3 Bg6 16. Nf3 Bd3 17. Bg5 Bxf1 18. Kxf1 Be7 19. Nc2 h6 20. Bf4 Ne8
21. Ke2 Nd7 22. h3 Nf8 23. Be3 Bf6 24. Nd2 a6 25. Ne4 Be7 26. Nc3 Bf6 1/2-1/2

[Event "32 Staufer-Open B-Turnier"]
[Site "Schwäbisch Gmünd"]
[Date "2020.01.05"]
[Round "7.2"]
[White "Schopf, Martin"]
[Black "Scheuing, Jochen"]
[Result "1-0"]
[WhiteElo "1953"]
[BlackElo "1826"]
[PlyCount "61"]
[EventDate "2020.??.??"]
[WhiteTeam "Echternach"]
[BlackTeam "SC Gröbenzell"]

1. e4 c5 2. Nf3 d6 3. c3 g6 4. d4 b6 5. Bd3 Nf6 6. e5 dxe5 7. dxe5 Nd5 8. Be4
e6 9. c4 Nc7 10. Qxd8+ Kxd8 11. Bxa8 Nxa8 12. O-O Nc6 13. Nc3 Bg7 14. Re1 Nc7
15. Ng5 Ke7 16. f4 Nd4 17. Rb1 Bb7 18. a3 h6 19. Nge4 Rd8 20. b4 Na6 21. bxc5
Bxe4 22. Nxe4 Nc2 23. Re2 Rd1+ 24. Kf2 Nxa3 25. Bxa3 Rxb1 26. cxb6+ Kd7 27.
bxa7 Nc7 28. Rd2+ Kc6 29. Rd6+ Kb7 30. Rd7 Kxa7 31. Rxf7 1-0

[Event "32 Staufer-Open B-Turnier"]
[Site "Schwäbisch Gmünd"]
[Date "2020.01.05"]
[Round "7.3"]
[White "Dilthey, Lennart"]
[Black "Frühsorger, Dieter"]
[Result "0-1"]
[WhiteElo "1791"]
[BlackElo "1983"]
[PlyCount "48"]
[EventDate "2020.??.??"]
[WhiteTeam "SF Göppingen"]
[BlackTeam "SK Sontheim/Brenz"]

1. e4 c5 2. d4 cxd4 3. c3 Nf6 4. e5 Nd5 5. cxd4 d6 6. f4 dxe5 7. fxe5 e6 8. Nf3
Be7 9. Nc3 O-O 10. Bd3 b6 11. Qe2 Nb4 12. Bxh7+ Kxh7 13. Qe4+ Kg8 14. h4 Ba6
15. a3 Nd3+ 16. Kd2 Nf2 17. Qxa8 Nxh1 18. Qxa7 Bxh4 19. b4 Bf1 20. Kc2 Bxg2 21.
Nxh4 Qxh4 22. Qxb6 Qf2+ 23. Kb3 Nc6 24. Nb5 Rb8 0-1

[Event "32 Staufer-Open B-Turnier"]
[Site "Schwäbisch Gmünd"]
[Date "2020.01.05"]
[Round "7.7"]
[White "Gomer, Thomas"]
[Black "Speck, Stefan"]
[Result "0-1"]
[WhiteElo "1789"]
[BlackElo "1959"]
[PlyCount "62"]
[EventDate "2020.??.??"]
[WhiteTeam "SV Balingen"]
[BlackTeam "SC Solingen 28"]

1. d4 d5 2. Bf4 Nf6 3. e3 c5 4. c3 e6 5. Nd2 Bd6 6. Bg3 Nc6 7. Ngf3 O-O 8. Bd3
cxd4 9. exd4 Qc7 10. Bh4 e5 11. dxe5 Nxe5 12. Nxe5 Bxe5 13. Qc2 Qc6 14. Nf3 Re8
15. O-O Ne4 16. Nxe5 Rxe5 17. f3 Qh6 18. fxe4 Qxh4 19. exd5 Rxd5 20. Rae1 Be6
21. Be4 Rd7 22. g3 Qh6 23. Rf4 g6 24. Qf2 Rad8 25. Rh4 Qd2 26. Re2 Qc1+ 27. Kg2
Rd2 28. Bf3 Qxb2 29. Rb4 Qxa2 30. Rxb7 Rxe2 31. Bxe2 Bd5+ 0-1

[Event "32 Staufer-Open B-Turnier"]
[Site "Schwäbisch Gmünd"]
[Date "2020.01.05"]
[Round "7.10"]
[White "Jäger, Hans-Ulrich"]
[Black "Rautenberg, Uwe"]
[Result "0-1"]
[WhiteElo "1784"]
[BlackElo "1869"]
[PlyCount "92"]
[EventDate "2020.??.??"]
[WhiteTeam "SC Sillenbuch"]
[BlackTeam "SC Ingersheim"]

1. e4 d6 2. d4 Nf6 3. Bd3 e5 4. dxe5 dxe5 5. Bg5 Be7 6. Nd2 Bg4 7. Ngf3 Nbd7 8.
h3 Bxf3 9. Nxf3 c6 10. Qe2 Qa5+ 11. Bd2 Qc7 12. Bc3 b5 13. a3 a5 14. O-O O-O
15. Qd2 h6 16. b3 Bc5 17. b4 Bb6 18. bxa5 {(=)} Bxa5 19. Bxa5 Qxa5 20. Qb4 Rfe8
21. Rfe1 Ra7 22. c4 bxc4 23. Qxc4 Qc5 24. a4 Qxc4 25. Bxc4 Nc5 26. Nd2 Rea8 27.
Rac1 Nxa4 28. Bb3 Rc7 29. Ra1 Nb6 30. Rab1 Nfd7 31. Rec1 Kf8 32. Rc3 Ke7 33.
Rbc1 c5 34. Nc4 Nxc4 35. Bxc4 f6 36. Bb5 Ra5 37. Bc4 Nb6 38. Bg8 Nc8 39. f3 Nd6
40. Rb1 Nb5 41. Rcb3 Nd4 42. Rb7 Ra7 43. Rb8 c4 44. Kh2 c3 45. Bd5 c2 46. Rc1
Ne2 0-1

[Event "32 Staufer-Open B-Turnier"]
[Site "Schwäbisch Gmünd"]
[Date "2020.01.05"]
[Round "8.1"]
[White "Frühsorger, Dieter"]
[Black "Schlötterer, Hermann"]
[Result "0-1"]
[WhiteElo "1983"]
[BlackElo "1801"]
[PlyCount "86"]
[EventDate "2020.??.??"]
[WhiteTeam "SK Sontheim/Brenz"]
[BlackTeam "Zabo-Eintracht Nürnberg"]

1. e4 c5 2. Nf3 Nc6 3. d4 cxd4 4. Nxd4 Nf6 5. Nc3 e5 6. Ndb5 d6 7. Bg5 a6 8.
Na3 b5 9. Nd5 Qa5+ 10. Bd2 Qd8 11. Bd3 Be6 12. Nxf6+ gxf6 13. f4 Rb8 14. O-O
exf4 15. Bxf4 Ne5 16. Qd2 Rg8 17. Kh1 Rb7 18. Bxe5 fxe5 19. c4 b4 20. Nc2 a5
21. Be2 Qh4 22. Ne1 Rg6 23. a3 Bh6 24. Qxd6 Bf4 25. Rxf4 Qxf4 26. Qa6 Rd7 27.
c5 Rh6 28. Nf3 Bg4 29. c6 Rd8 30. Qb5 Kf8 31. c7 Rc8 32. Qc5+ Kg7 33. Qg1 Rxc7
34. h3 Rc2 35. Re1 Rxb2 36. axb4 Rxb4 37. Qc5 Bxf3 38. Bxf3 Rxh3+ 39. Kg1 Rb2
40. Re2 Rb1+ 41. Kf2 Rhh1 42. Rc2 Rhf1+ 43. Ke2 Rbd1 0-1

[Event "32 Staufer-Open B-Turnier"]
[Site "Schwäbisch Gmünd"]
[Date "2020.01.05"]
[Round "8.2"]
[White "Krauß, Rainer"]
[Black "Schopf, Martin"]
[Result "1-0"]
[WhiteElo "1848"]
[BlackElo "1953"]
[PlyCount "161"]
[EventDate "2020.??.??"]
[WhiteTeam "SC Weiße Dame Ulm"]
[BlackTeam "Echternach"]

1. e4 e6 2. d4 d5 3. Nc3 Bb4 4. e5 c5 5. a3 Bxc3+ 6. bxc3 Qc7 7. Nf3 Ne7 8. a4
Nbc6 9. Ba3 cxd4 10. cxd4 Nf5 11. Qd2 Qa5 12. Qxa5 Nxa5 13. Bd3 Bd7 14. O-O Rc8
15. Rfb1 b6 16. Rc1 Nc4 17. Bb4 a5 18. Be1 O-O 19. Rcb1 h5 20. c3 Rb8 21. Nd2
Rfc8 22. Nxc4 dxc4 23. Bc2 Bc6 24. Bd2 Ne7 25. f3 Rc7 26. Be4 Rcb7 27. Kf2 Nd5
28. h4 Kf8 29. Ke2 Ke7 30. Kd1 Kd7 31. Kc2 Kc7 32. g3 Ne7 33. Bf4 b5 34. axb5
Rxb5 35. Rxb5 Rxb5 36. Ra4 Bd5 37. Bxd5 Nxd5 38. Rxc4+ Kd7 39. Ra4 Nxf4 40.
gxf4 Rd5 41. Kd3 Rb5 42. c4 Rb3+ 43. Ke4 f5+ 44. exf6 gxf6 45. Rxa5 f5+ 46. Ke5
Re3+ 47. Kf6 Rxf3 48. Kg5 Rg3+ 49. Kxh5 Rg4 50. d5 Rxf4 51. Ra7+ Ke8 52. dxe6
Re4 53. Kg5 Rxe6 54. Kxf5 Rc6 55. Ra4 Kd7 56. h5 Ke7 57. Kg5 Kf7 58. Rb4 Kg7
59. Kf5 Kf7 60. Ke5 Ke7 61. Rb7+ Kd8 62. Kd4 Rd6+ 63. Kc3 Ra6 64. Rb5 Kc7 65.
Rg5 Kb7 66. c5 Kc7 67. Kc4 Kb7 68. Kd5 Kc7 69. Ke5 Kd7 70. Kf5 Ke7 71. Kg4 Rc6
72. Rd5 Kf7 73. Kg5 Kg7 74. Kf4 Kf7 75. Ke4 Ke7 76. Kd4 Rh6 77. Kc4 Ke8 78. Kb5
Ke7 79. c6 Ke6 80. Kc5 Ke7 81. c7 1-0

[Event "32 Staufer-Open B-Turnier"]
[Site "Schwäbisch Gmünd"]
[Date "2020.01.05"]
[Round "8.4"]
[White "Goetz, Jan"]
[Black "Speck, Stefan"]
[Result "1/2-1/2"]
[WhiteElo "1810"]
[BlackElo "1959"]
[PlyCount "144"]
[EventDate "2020.??.??"]
[WhiteTeam "SK Bad Homburg"]
[BlackTeam "SC Solingen 28"]

1. d4 d5 2. c4 c6 3. cxd5 cxd5 4. Nf3 Nf6 5. Nc3 Nc6 6. Bf4 e6 7. Rc1 a6 8. e3
Be7 9. Bd3 O-O 10. O-O Nh5 11. Bg3 Nxg3 12. hxg3 f5 13. Ne2 Bd6 14. Bc2 Bd7 15.
Nf4 Qf6 16. Nd3 g5 17. Qd2 g4 18. Nfe1 Qh6 19. Ba4 b5 20. Bd1 Nxd4 21. Qc3 Nc6
22. Nc5 b4 23. Qd2 Bxc5 24. Rxc5 Rfc8 25. Ba4 Ne5 26. Rxc8+ Rxc8 27. Bxd7 Nxd7
28. Qxb4 Qf8 29. Qxf8+ Kxf8 30. Nd3 Rc2 31. Rb1 Nc5 32. Nxc5 Rxc5 33. b4 Rc2
34. a4 Ke7 35. b5 axb5 36. axb5 Kd7 37. b6 Kc8 38. b7+ Kb8 39. Rb6 Rc1+ 40. Kh2
Rf1 41. Rxe6 Rxf2 42. Kg1 Rd2 43. Re5 Kxb7 44. Rxf5 Kc6 45. Kf1 Kd6 46. Rg5 d4
47. Rxg4 dxe3 48. Re4 Rd1+ 49. Ke2 Rd2+ 50. Kf1 Rd1+ 51. Ke2 Rd2+ 52. Kf3 Rf2+
53. Kxe3 Rxg2 54. Kf4 Rh2 55. Kf5 Rh5+ 56. Kg4 Rh6 57. Re3 Rg6+ 58. Kh5 Kd7 59.
g4 Kd8 60. g5 Kd7 61. Ra3 Ke8 62. Ra7 Kf8 63. Rxh7 Rb6 64. Rh6 Rb5 65. Ra6 Kg7
66. Ra7+ Kg8 67. Kh6 Rb6+ 68. g6 Rb8 69. Rg7+ Kh8 70. Rh7+ Kg8 71. Rc7 Ra8 72.
Rg7+ Kh8 1/2-1/2

[Event "32 Staufer-Open B-Turnier"]
[Site "Schwäbisch Gmünd"]
[Date "2020.01.05"]
[Round "8.6"]
[White "Rautenberg, Uwe"]
[Black "Scheuing, Jochen"]
[Result "1/2-1/2"]
[WhiteElo "1869"]
[BlackElo "1826"]
[PlyCount "36"]
[EventDate "2020.??.??"]
[WhiteTeam "SC Ingersheim"]
[BlackTeam "SC Gröbenzell"]

1. d4 Nf6 2. Nc3 d5 3. Bf4 c6 4. e3 Bf5 5. Bd3 Bxd3 6. Qxd3 e6 7. a3 Be7 8. h3
O-O 9. Nf3 c5 10. O-O a6 11. Rfd1 cxd4 12. exd4 Nc6 13. Ne5 Rc8 14. g4 Nd7 15.
Nxc6 Rxc6 16. Ne2 Bg5 17. c3 Bxf4 18. Nxf4 Qg5 1/2-1/2

[Event "32 Staufer-Open B-Turnier"]
[Site "Schwäbisch Gmünd"]
[Date "2020.01.05"]
[Round "8.7"]
[White "Zehring, Mathias"]
[Black "Otto, Michael"]
[Result "1-0"]
[WhiteElo "1861"]
[BlackElo "1820"]
[PlyCount "95"]
[EventDate "2020.??.??"]
[WhiteTeam "SC Waiblingen"]
[BlackTeam "SC Mülheim"]

1. e4 c5 2. c3 Nc6 3. d4 cxd4 4. cxd4 d5 5. e5 g6 6. Nf3 Bg7 7. Nc3 a6 8. Be3
e6 9. Bd3 Nge7 10. O-O O-O 11. Rc1 Bd7 12. Qd2 f6 13. Bh6 fxe5 14. Bxg7 Kxg7
15. dxe5 Rxf3 16. gxf3 Nxe5 17. Be2 Qf8 18. f4 N5c6 19. Bg4 Nf5 20. Ne2 Qd6 21.
Rfd1 Kf7 22. Rc3 Na7 23. Nd4 Nxd4 24. Qxd4 Nc6 25. Qc5 Ke7 26. Kg2 Qxc5 27.
Rxc5 Kd6 28. Rc3 Rf8 29. Kg3 Rf7 30. a3 Nd8 31. h4 h5 32. Bh3 Bc6 33. Re3 Rf6
34. b4 Bb5 35. Bf1 Bxf1 36. Rxf1 Nc6 37. Rd1 d4 38. Rc3 Rf5 39. Rxc6+ Kxc6 40.
Rxd4 Rd5 41. Rc4+ {(=)} Kb5 42. Rc7 Rd3+ 43. f3 b6 44. Rg7 Rxa3 45. Rxg6 Kxb4
46. Rxe6 b5 47. f5 a5 48. f6 1-0

[Event "32 Staufer-Open B-Turnier"]
[Site "Schwäbisch Gmünd"]
[Date "2020.01.05"]
[Round "8.8"]
[White "Lenz, Reiner"]
[Black "Schülke, Tilman"]
[Result "1/2-1/2"]
[WhiteElo "1825"]
[BlackElo "1847"]
[PlyCount "41"]
[EventDate "2020.??.??"]
[WhiteTeam "SC Grunbach"]
[BlackTeam "Düsseldorfer SV"]

1. Nf3 d6 2. d4 Bg4 3. e3 e6 4. g3 d5 5. Bg2 Nd7 6. O-O Ngf6 7. c4 c6 8. Qb3
Rb8 9. Nbd2 Be7 10. h3 Bf5 11. Nh4 Be4 12. Nxe4 Nxe4 13. Nf3 O-O 14. Qc2 f5 15.
b3 b5 16. a4 bxc4 17. bxc4 Qb6 18. Ba3 Bxa3 19. Rxa3 Qb2 20. Ra2 Qxc2 21. Rxc2
1/2-1/2

[Event "32 Staufer-Open B-Turnier"]
[Site "Schwäbisch Gmünd"]
[Date "2020.01.05"]
[Round "8.9"]
[White "Suendorf, Dominik"]
[Black "Rieber, René"]
[Result "1/2-1/2"]
[WhiteElo "1769"]
[BlackElo "1885"]
[PlyCount "20"]
[EventDate "2020.??.??"]
[WhiteTeam "SV Hellern"]
[BlackTeam "SC Ansbach"]

1. e4 d5 2. exd5 Nf6 3. Bb5+ c6 4. dxc6 Nxc6 5. Nf3 Bg4 6. O-O Qd5 7. c4 Qd3 8.
Nc3 Bxf3 9. Qxf3 Qxf3 10. gxf3 O-O-O 1/2-1/2

[Event "32 Staufer-Open B-Turnier"]
[Site "Schwäbisch Gmünd"]
[Date "2020.01.06"]
[Round "9.1"]
[White "Schlötterer, Hermann"]
[Black "Krauß, Rainer"]
[Result "1/2-1/2"]
[WhiteElo "1801"]
[BlackElo "1848"]
[PlyCount "39"]
[EventDate "2020.??.??"]
[WhiteTeam "Zabo-Eintracht Nürnberg"]
[BlackTeam "SC Weiße Dame Ulm"]

1. d4 d5 2. g3 Nf6 3. Bg2 c6 4. Nf3 Bf5 5. c4 e6 6. Nc3 Nbd7 7. O-O Qb6 8. Na4
Qc7 9. Bf4 Bd6 10. Bxd6 Qxd6 11. b3 O-O 12. Nh4 Bg4 13. h3 Bh5 14. g4 Bg6 15.
Nxg6 hxg6 16. Nc3 Rad8 17. e3 Rfe8 18. Rc1 Qb4 19. cxd5 Nxd5 20. Ne4 1/2-1/2

[Event "32 Staufer-Open B-Turnier"]
[Site "Schwäbisch Gmünd"]
[Date "2020.01.06"]
[Round "9.2"]
[White "Telioridis, Vasileios"]
[Black "Goetz, Jan"]
[Result "1/2-1/2"]
[WhiteElo "1942"]
[BlackElo "1810"]
[PlyCount "59"]
[EventDate "2020.??.??"]
[WhiteTeam "SC Grunbach"]
[BlackTeam "SK Bad Homburg"]

1. c4 c5 2. g3 Nc6 3. Bg2 g6 4. Nc3 Bg7 5. b3 e6 6. Bb2 Nge7 7. Nf3 O-O 8. Na4
Bxb2 9. Nxb2 d5 10. cxd5 exd5 11. O-O b6 12. d4 cxd4 13. Nxd4 Nxd4 14. Qxd4 Be6
15. Nd3 Rc8 16. Rac1 Qd7 17. Nf4 Nf5 18. Qe5 Ne7 19. Rfd1 Rxc1 20. Rxc1 Rc8 21.
Rd1 Rd8 22. h4 Nc6 23. Qg5 Qe7 24. Qxe7 Nxe7 25. Rc1 Rd7 26. Kf1 Kg7 27. Ke1
Kf6 28. Kd2 Ke5 29. Nd3+ Kd6 30. Nf4 1/2-1/2

[Event "32 Staufer-Open B-Turnier"]
[Site "Schwäbisch Gmünd"]
[Date "2020.01.06"]
[Round "9.4"]
[White "Frühsorger, Dieter"]
[Black "Zehring, Mathias"]
[Result "1-0"]
[WhiteElo "1983"]
[BlackElo "1861"]
[PlyCount "69"]
[EventDate "2020.??.??"]
[WhiteTeam "SK Sontheim/Brenz"]
[BlackTeam "SC Waiblingen"]

{[%evp 0,69,16,28,39,26,19,8,28,25,25,25,37,20,30,47,47,54,16,16,70,74,50,47,
44,63,63,50,50,44,77,77,64,42,73,73,73,65,76,76,68,75,75,45,45,31,32,16,51,51,
56,52,52,30,22,-27,-35,-39,-42,-42,-42,-91,-74,-166,-123,-247,-111,-80,-103,
-103,970,842]} 1. e4 e5 2. Nf3 Nc6 3. Bb5 a6 4. Bxc6 dxc6 5. O-O f6 6. d4 exd4
7. Nxd4 c5 8. Nb3 Qxd1 9. Rxd1 Bg4 10. f3 Be6 11. Be3 b6 12. Nc3 Bd6 13. a4
O-O-O 14. a5 Kb7 15. axb6 cxb6 {(=)} 16. Bf4 Bc7 17. Bxc7 Rxd1+ 18. Nxd1 Kxc7
19. Rxa6 Bxb3 20. cxb3 Kb7 21. Ra1 Ne7 22. Ne3 Rd8 23. b4 Rd3 24. Ra3 Rxa3 25.
bxa3 cxb4 26. axb4 Kc6 27. f4 Kb5 28. Nd5 Nc6 29. g4 Nxb4 30. Nxb4 Kxb4 31. h4
Kc5 32. h5 Kd4 33. e5 fxe5 34. f5 e4 35. h6 1-0

[Event "32 Staufer-Open B-Turnier"]
[Site "Schwäbisch Gmünd"]
[Date "2020.01.06"]
[Round "9.5"]
[White "Heimers, Remy"]
[Black "Lenz, Reiner"]
[Result "1-0"]
[WhiteElo "1977"]
[BlackElo "1825"]
[PlyCount "49"]
[EventDate "2020.??.??"]
[WhiteTeam "SC Villingen-Schwenningen"]
[BlackTeam "SC Grunbach"]

1. e4 c5 2. Nf3 Nc6 3. d4 cxd4 4. Nxd4 g6 5. Nc3 Bg7 6. Be3 d6 7. Qd2 Nf6 8. f3
O-O 9. O-O-O Nxd4 10. Bxd4 Be6 11. Kb1 a6 12. g4 Rc8 13. h4 h5 14. gxh5 Nxh5
15. Rg1 Be5 16. Ne2 Kh7 17. f4 Bxd4 18. Nxd4 Bc4 19. Bh3 Rc5 20. b3 Qb6 21. f5
Rg8 22. Rg5 Re5 23. Rdg1 Rxe4 {(=)} 24. fxg6+ fxg6 25. Rxh5+ 1-0

[Event "32 Staufer-Open B-Turnier"]
[Site "Schwäbisch Gmünd"]
[Date "2020.01.06"]
[Round "9.8"]
[White "Scheuing, Jochen"]
[Black "Santoro, Pasquale"]
[Result "1/2-1/2"]
[WhiteElo "1826"]
[BlackElo "1947"]
[PlyCount "26"]
[EventDate "2020.??.??"]
[WhiteTeam "SC Gröbenzell"]
[BlackTeam "SV Gifhorn"]

1. d4 d5 2. Bf4 e6 3. e3 Bd6 4. Bg3 f5 5. Nf3 Nf6 6. Ne5 O-O 7. Bd3 Nbd7 8. Nd2
Ne4 9. Nxd7 Qxd7 10. Bxd6 Qxd6 11. Nf3 Qb4+ 12. Ke2 Bd7 13. Rb1 Bb5 1/2-1/2

[Event "32 Staufer-Open B-Turnier"]
[Site "Schwäbisch Gmünd"]
[Date "2020.01.06"]
[Round "9.9"]
[White "Wagner, Julian"]
[Black "Siegle, Florian"]
[Result "0-1"]
[WhiteElo "1790"]
[BlackElo "1891"]
[PlyCount "32"]
[EventDate "2020.??.??"]
[WhiteTeam "SC Kempten"]
[BlackTeam "Stuttgarter SF"]

1. d4 d5 2. c4 Nc6 3. Nc3 dxc4 4. e3 e5 5. d5 Na5 6. Qa4+ c6 7. Bxc4 b5 8. Nxb5
Nxc4 9. dxc6 Nb6 10. Qe4 Bd6 11. Bd2 Nf6 12. Qc2 O-O 13. O-O-O Ba6 14. Bb4 Bxb5
15. Rxd6 Qc7 16. Qc5 Ne4 0-1